Представление документа в формате MARC21

Поле Инд. ПП Название Значение
Тип записи a
Библиографический уровень b
001 Контрольный номер RU/IS/BASE/294406613
005 Дата корректировки 20260320150318.8
008 Кодируемые данные 20090430
040 b Код языка каталог. rus
e Правила каталог. PSBO
041 0_ a Код языка текста rus
084 a Индекс другой классификации/Индекс ББК 81.18; 81г
100 1_ a Автор Жолудева Л. И.
245 10 a Заглавие Факторы эволюции средневековых переводов: ориентация на текст и ориентация на аудиторию
504 a Библиография Библиогр.: с. 157 - 159
650 14 a Основная рубрика перевод
a Основная рубрика филологические науки
a Основная рубрика частное языкознание
a Основная рубрика языкознание
653 0_ a Ключевые слова история переводов
a Ключевые слова перевод Библии
a Ключевые слова переводоведение
a Ключевые слова переводческие концепции
a Ключевые слова переводческие принципы
a Ключевые слова средние века
773 08 t Заглавие источника Вестник Московского университета. Серия 9, Филология
d Дата издания источника 2008
g Прочая информация № 6. - С. 151 - 159
w Контрольный № источника RU/IS/BASE/293109115
901 t Тип документа b